000 00492nam a22001817a 4500
005 20251103105737.0
008 251103b |||||||| |||| 00| 0 eng d
040 _aMAIN
082 _a538.3
_bH225S
100 _aHarita Kumari
245 _aSynthesis and characterization of metal oxide nanoparticles
260 _bDepartment of Physics, M D University, Rohtak
_c2024
300 _axxiii, 176
650 _aPhysics
700 _aParmar, Rajesh
700 _aAshok Kumar
942 _cTH
999 _c393791
_d393791